000 00669nam a2200277Ia 4500
005 20260324133633.0
008 008 260324s9999 xx 000 0 eng d
020 _a9780203708309
037 _aEBOOK
040 _aCRL
040 _beng
040 _cCRL
041 _2eng
041 _aeng
084 _qCRL
100 _aVeronika Vis-Sommer; Michael Sommer; Gregory G. Curtin
_91193825
245 0 _aWorld Of E-Government, The
260 _bTaylor and Francis
260 _c2003
365 _a
365 _b145
856 _uhttp://www.taylorfrancis.com/books/9780203708309
942 _cEBOOK
999 _c1793086
_d1793086